| 000 | 00621nam a22001937a 4500 | ||
|---|---|---|---|
| 005 | 20240708153809.0 | ||
| 010 | _aENG-140818 | ||
| 020 |
_c350.00 _a9789391317829 |
||
| 035 | _aEN-124350 | ||
| 037 | _bDBAD | ||
| 082 |
_a883 _21 |
||
| 100 |
_aBhatnagar, Ashwini _968232 |
||
| 245 |
_aFatal Clash: _bThe Rise And Fall of East West Airlines _cAshwini Bhatnagar |
||
| 250 | _a1 | ||
| 260 |
_aNoida _bJitendra Anand Infratech Private Limited _c2022 |
||
| 270 |
_bNoida _a2203, Express Trade Towers-2 Sector-132 _e201304 _mjaipl3e@gmail.com |
||
| 300 |
_a186p. _c20cm (pb) |
||
| 942 |
_2ddc _cEN _h883 _mBHA _e1 |
||
| 999 |
_c204017 _d204017 |
||